| 000 | 00893cab a2200265 4500 | ||
|---|---|---|---|
| 001 | ABS54732 | ||
| 008 | 090401t1996 xxu||||| |||| 00| 0 eng d | ||
| 035 | _a(Sirsi) u12036 | ||
| 041 | _aeng | ||
| 100 | _aPowell, D. | ||
| 245 | _aDrawing the line | ||
| 260 | _c1996 | ||
| 350 | _a0 | ||
| 490 |
_aCountry Landowner _vMarch 1996, 17(1) |
||
| 520 | _aSuggests that misinterpretation of Ordnance Survey maps, hedge and ditch presumptions and provocative solicitor letters sent without checking deeds and Land Registry plans lead to unnecessary boundary disputes between neighbours. | ||
| 650 |
_aBoundary disputes _96221 |
||
| 650 | _aBOUNDARY DEMARCATION | ||
| 650 |
_aBoundary disputes _96221 |
||
| 650 | _aDEEDS | ||
| 650 | _aHEDGE AND DITCH PRESUMPTION | ||
| 650 | _aORDNANCE SURVEY MAP | ||
| 690 | _aHIGHWAYS RIGHTS OF WAY AND EASEMENTS | ||
| 942 | _n0 | ||
| 948 | _c04/03/1997 | ||
| 999 |
_c7699 _d7699 |
||